Encadenamientos productivos cluster y desarrollo

I tiakina i:
Ngā taipitopito rārangi puna kōrero
Ngā kaituhi matua: Buzzetti Irribarra, Gino E (Author), Soto C., Anita (Author)
Ētahi atu kaituhi: Maino Menéndez, Mario (autor)
Hōputu: Pukapuka
Reo:Pāniora
I whakaputaina: Santiago Ministerio de Agricultura 2007
Santiago INDAP 2007
Ngā marau:
Ngā Tūtohu: Tāpirihia he Tūtohu
Kāore He Tūtohu, Me noho koe te mea tuatahi ki te tūtohu i tēnei pūkete!

MARC

LEADER 00000nam a2200000 a 4500
001 UCI4125
003 CL-VaPUC
008 071221e20071000cl |||||||||||||||||spa|d
020 |a 9789567625130 
082 0 4 |a 658.02  |b BUZ  |2 21 
100 0 |a Buzzetti Irribarra, Gino E  |e author  |9 525810 
700 |a Maino Menéndez, Mario  |e autor  |9 525811 
700 0 |a Soto C., Anita  |e author  |9 525812 
245 1 0 |a Encadenamientos productivos cluster y desarrollo 
300 |a 210 p 
942 |c BK 
945 |d 20071221 00:00:00  |a jtorresc 
260 |a Santiago  |b Ministerio de Agricultura  |c 2007 
260 |a Santiago  |b INDAP  |c 2007 
600 0 7 |a INDAP  |2 CL-VaPUC  |9 525813 
650 7 |a EMPRESAS AGRICOLAS  |2 CL-VaPUC  |9 359873 
650 7 |a ECONOMIA AGRARIA  |2 CL-VaPUC  |9 264541 
650 0 |a Agricultura  |9 255598 
650 0 |a Gestión administrativa  |9 375217 
650 0 |a Campesinado  |9 440815 
650 7 |a POBLACION RURAL  |2 CL-VaPUC  |9 308935 
650 0 |a Familias   |9 255641 
650 7 |a SISTEMAS AGRICOLAS  |2 CL-VaPUC  |9 360420 
650 7 |a POLITICA AGRARIA  |2 CL-VaPUC  |9 264314 
651 7 |a CHILE  |2 CL-VaPUC  |9 525814 
583 |a last modification  |c 20171123 12:17:47  |k Rodrigo Vera 
999 |c 328111  |d 328109 
952 |0 0  |1 0  |4 0  |6 658_020000000000000_BUZ_2007_2007  |7 0  |8 A  |9 411884  |a BIBGIM  |b BIBGIM  |d 2019-11-22  |i 4397622  |o 658.02 BUZ 2007 2007  |p 4397622  |r 2025-01-15  |w 2019-11-22  |y BK  |k GIM